शारीरिक शिक्षा में प्रायोगिक मापन, मूल्यांकन तथा खेल चयन/ (Record no. 68280)
[ view plain ]
| 000 -LEADER | |
|---|---|
| fixed length control field | 01212nam a22001937a 4500 |
| 005 - DATE AND TIME OF LATEST TRANSACTION | |
| control field | 20120702110235.0 |
| 020 ## - INTERNATIONAL STANDARD BOOK NUMBER | |
| International Standard Book Number | 9789380172385 |
| Terms of availability | 280.00 |
| 100 ## - MAIN ENTRY--PERSONAL NAME | |
| Personal name | कंसल, देवेन्द्र कुमार |
| 245 ## - TITLE STATEMENT | |
| Title | शारीरिक शिक्षा में प्रायोगिक मापन, मूल्यांकन तथा खेल चयन/ |
| Statement of responsibility, etc | देवेन्द्र कुमार कंसल; मनीष मोहन गोरे द्वारा अनुवादित |
| 260 ## - PUBLICATION, DISTRIBUTION, ETC. (IMPRINT) | |
| Place of publication, distribution, etc | दिल्ली |
| Name of publisher, distributor, etc | हिंदी माध्यम कार्यान्वय निदेशशालय |
| Date of publication, distribution, etc | 2011 |
| 270 ## - ADDRESS | |
| Address | दिल्ली विश्वविद्यालय, 10 केवेलरी लाइन |
| City | दिल्ली |
| Postal code | 110007 |
| Telephone number | 27442652 |
| 300 ## - PHYSICAL DESCRIPTION | |
| Extent | xxv, 413 पृ. |
| Dimensions | 24 सें.मी.(अजिल्द) |
| 700 ## - ADDED ENTRY--PERSONAL NAME | |
| Personal name | गोरे, मनीष मोहन |
| 9 (RLIN) | 49728 |
| 700 ## - ADDED ENTRY--PERSONAL NAME | |
| 9 (RLIN) | 49729 |
| 700 ## - ADDED ENTRY--PERSONAL NAME | |
| Personal name | उस्मानी, मीना |
| 9 (RLIN) | 49730 |
| 942 ## - ADDED ENTRY ELEMENTS (KOHA) | |
| Source of classification or shelving scheme | Dewey Decimal Classification |
| Item type | Hindi Books |
| Call number suffix | कंसल |
| Withdrawn status | Lost status | Not for loan | Home library | Current library | Date acquired | Cost, normal purchase price | Full call number | Cost, replacement price | Koha item type |
|---|---|---|---|---|---|---|---|---|---|
| Andrews Gunj | Andrews Gunj | 02/07/2012 | 280.00 | कंसल | 280.00 | Hindi Books |
